[Event "Oberliga Ost A 2016 2017"]
[Site "Germany"]
[Date "2016.11.19"]
[Round "2.8"]
[White "Dietze, Frank"]
[Black "Heyme, Sibylle"]
[Result "1/2-1/2"]
[WhiteElo "2141"]
[BlackElo "2036"]
[PlyCount "91"]
[EventDate "2016.10.16"]
[EventType "team-tourn"]
[EventCountry "GER"]
[WhiteTeam "Leipzig SG II"]
[BlackTeam "Hoyerswerda FVS ASP"]
[WhiteTeamCountry "GER"]
[BlackTeamCountry "GER"]

1. d4 Nf6 2. c4 g6 3. g3 Bg7 4. Bg2 O-O 5. Nf3 d6 6. Nc3 Nbd7 7. O-O c6 8. e4
e5 9. h3 Re8 10. Be3 Qc7 11. d5 c5 12. a3 a6 13. Nd2 Rb8 14. Qe2 b6 15. Rfc1
Nh5 16. Rab1 Rb7 17. Bf1 Nf8 18. b4 f6 19. Qd1 Qf7 20. bxc5 bxc5 21. Rxb7 Bxb7
22. Rb1 Bc8 23. Rb6 Rd8 24. Qa4 f5 25. Bg5 Nf6 26. exf5 gxf5 27. Qa5 h6 28. Rc6
Qe8 29. Bxf6 Bxf6 30. Na4 e4 31. Nxc5 Bg5 32. Nxa6 e3 33. Nf3 e2 34. Bxe2 Qxe2
35. Nxg5 Re8 36. Ne6 Nxe6 37. dxe6 Bxe6 38. Qc3 f4 39. Rxd6 f3 40. g4 h5 41.
Qd2 hxg4 42. hxg4 Kf7 43. Qf4+ Ke7 44. Qg5+ Kf7 45. Qh5+ Kg7 46. Qg5+ 1/2-1/2

[Event "Oberliga Ost A 2016 2017"]
[Site "Germany"]
[Date "2016.11.19"]
[Round "2.1"]
[White "Schmidt Schaeffer, Sebastian"]
[Black "Kuchynka, Lukas"]
[Result "0-1"]
[WhiteElo "2383"]
[BlackElo "2260"]
[PlyCount "60"]
[EventDate "2016.10.16"]
[EventType "team-tourn"]
[EventCountry "GER"]
[WhiteTeam "Naumburger SV"]
[BlackTeam "Magdeburg SV Rochade"]
[WhiteTeamCountry "GER"]
[BlackTeamCountry "GER"]

1. f4 e5 2. fxe5 d6 3. d4 dxe5 4. dxe5 Qxd1+ 5. Kxd1 Nc6 6. Nf3 Bf5 7. Bf4
O-O-O+ 8. Nbd2 h6 9. c3 Nge7 10. e3 Nd5 11. Bb5 g5 12. Ke2 gxf4 13. e4 Rg8 14.
exd5 Rxg2+ 15. Kf1 Bh3 16. Ke1 Nxe5 17. Nxe5 Rxd5 18. Nd3 Rxb5 19. Nxf4 Re5+
20. Kd1 Bg4+ 21. Kc1 Rxh2 22. Rxh2 Re1+ 23. Kc2 Rxa1 24. Rg2 f5 25. Nc4 Rxa2
26. Ne5 Bd6 27. Nxg4 Bxf4 28. Nf6 Bg5 29. Nh7 Ra6 30. Nxg5 Rg6 0-1

[Event "Oberliga Ost A 2016 2017"]
[Site "Germany"]
[Date "2016.11.19"]
[Round "2.2"]
[White "Tuma, Jakub"]
[Black "Gering, Samuel"]
[Result "1-0"]
[WhiteElo "2261"]
[BlackElo "2079"]
[PlyCount "133"]
[EventDate "2016.10.16"]
[EventType "team-tourn"]
[EventCountry "GER"]
[WhiteTeam "Magdeburg SV Rochade"]
[BlackTeam "Naumburger SV"]
[WhiteTeamCountry "GER"]
[BlackTeamCountry "GER"]

1. e4 g6 2. d4 Bg7 3. Nc3 d6 4. Be3 a6 5. Qd2 Nd7 6. O-O-O b5 7. h4 Bb7 8. f3
h6 9. h5 g5 10. f4 gxf4 11. Bxf4 b4 12. Nce2 Bxe4 13. Ng3 Ngf6 14. Qe1 Bh7 15.
Nf3 Nd5 16. Bd2 N7f6 17. Bxb4 Nxb4 18. Qxb4 Qd7 19. Bc4 O-O 20. Nh4 Qg4 21. Qe1
e5 22. Qf2 Nxh5 23. Nxh5 Qxh5 24. Rh3 e4 25. g4 Qg5+ 26. Kb1 d5 27. Be2 Rad8
28. Bxa6 Rd6 29. Be2 Rf6 30. Qh2 Qf4 31. Qg2 Qf2 32. Rh2 Qxg2 33. Rxg2 Rd6 34.
a4 Ra8 35. b3 Bf6 36. Rh2 Bg5 37. Rf1 Be3 38. c3 Rc6 39. Kb2 Bg5 40. Nf5 Bxf5
41. Rxf5 Rd6 42. Rh1 Rf6 43. Rxf6 Bxf6 44. Rxh6 Kg7 45. Rh5 c6 46. Ka3 Be7+ 47.
b4 f6 48. Kb3 Kf7 49. a5 Ke6 50. a6 Kd6 51. Rh6 Kc7 52. Rh7 Kd6 53. Kc2 Ke6 54.
Kd2 Kd6 55. Ke3 Ke6 56. Rh6 Kd7 57. b5 cxb5 58. Bxb5+ Ke6 59. g5 Rc8 60. Kd2
e3+ 61. Kc2 Bb4 62. Rxf6+ Ke7 63. a7 Rxc3+ 64. Kb2 Rc8 65. Rb6 Ra8 66. Rb7+ Ke6
67. g6 1-0

[Event "Oberliga Ost A 2016 2017"]
[Site "Germany"]
[Date "2016.11.19"]
[Round "2.3"]
[White "Heinrich, Julius Tobias"]
[Black "Bednar, Marcel"]
[Result "1-0"]
[WhiteElo "2055"]
[BlackElo "2282"]
[PlyCount "87"]
[EventDate "2016.10.16"]
[EventType "team-tourn"]
[EventCountry "GER"]
[WhiteTeam "Naumburger SV"]
[BlackTeam "Magdeburg SV Rochade"]
[WhiteTeamCountry "GER"]
[BlackTeamCountry "GER"]

1. e4 e5 2. Nf3 d6 3. Nc3 Nf6 4. d4 Nbd7 5. Bc4 Be7 6. Be3 c6 7. a4 O-O 8. O-O
b6 9. Qe2 a6 10. Rfd1 Qc7 11. h3 Bb7 12. Bb3 b5 13. Bg5 b4 14. Nb1 Rfe8 15.
dxe5 Nxe5 16. Nxe5 dxe5 17. Qc4 Bf8 18. Bxf6 gxf6 19. Nd2 Bc8 20. Qe2 f5 21.
Qh5 Ra7 22. exf5 e4 23. Qg4+ Kh8 24. Nxe4 Qe5 25. Ng3 Bc5 26. Re1 Qxe1+ 27.
Rxe1 Rxe1+ 28. Kh2 Re8 29. Ne4 Rg8 30. Qh4 Bb6 31. Nf6 Bxf5 32. Nxg8 Kxg8 33.
Qxb4 Rb7 34. g3 Bc8 35. Qf4 Bd8 36. Bc4 Rd7 37. Bd3 Rd5 38. Be4 Rd4 39. Bxh7+
Kxh7 40. Qxd4 Bg5 41. Qe4+ Kg7 42. Qxc6 Bf5 43. Qxa6 Bxc2 44. Qc4 1-0

[Event "Oberliga Ost A 2016 2017"]
[Site "Germany"]
[Date "2016.11.19"]
[Round "2.4"]
[White "Jaeger, Dominik"]
[Black "Haertig, Jens"]
[Result "1-0"]
[WhiteElo "2280"]
[BlackElo "2137"]
[PlyCount "41"]
[EventDate "2016.10.16"]
[EventType "team-tourn"]
[EventCountry "GER"]
[WhiteTeam "Magdeburg SV Rochade"]
[BlackTeam "Naumburger SV"]
[WhiteTeamCountry "GER"]
[BlackTeamCountry "GER"]

1. Nf3 c5 2. c4 Nc6 3. g3 g6 4. Bg2 Bg7 5. O-O e6 6. Nc3 Nge7 7. e3 O-O 8. d4
d6 9. d5 exd5 10. cxd5 Ne5 11. Nxe5 Bxe5 12. e4 Bg7 13. Bg5 h6 14. Be3 a6 15.
Qd2 Kh7 16. e5 Nf5 17. exd6 Nxe3 18. Qxe3 Qxd6 19. Ne4 Qb6 20. Nxc5 Bf5 21. Ne6
1-0

[Event "Oberliga Ost A 2016 2017"]
[Site "Germany"]
[Date "2016.11.19"]
[Round "2.5"]
[White "Wendling, Florian"]
[Black "Niering, Martin"]
[Result "1-0"]
[WhiteElo "1994"]
[BlackElo "2226"]
[PlyCount "95"]
[EventDate "2016.10.16"]
[EventType "team-tourn"]
[EventCountry "GER"]
[WhiteTeam "Naumburger SV"]
[BlackTeam "Magdeburg SV Rochade"]
[WhiteTeamCountry "GER"]
[BlackTeamCountry "GER"]

1. e4 c6 2. d4 d5 3. exd5 cxd5 4. c4 Nf6 5. Nc3 e6 6. Nf3 Bb4 7. Qa4+ Nc6 8. a3
Be7 9. c5 O-O 10. Bd3 e5 11. dxe5 Ng4 12. Bf4 Bxc5 13. O-O Re8 14. Rae1 d4 15.
Ne4 Bf8 16. Nd6 Bxd6 17. exd6 Bd7 18. Rxe8+ Bxe8 19. h3 Nce5 20. Qxd4 Nxd3 21.
Qxd3 Nf6 22. Re1 Bc6 23. Nd4 Qa5 24. Re5 Qb6 25. b4 Rd8 26. Nf5 Bd7 27. Ne7+
Kh8 28. Be3 Qa6 29. Qxa6 bxa6 30. Bxa7 Bb5 31. Bc5 g6 32. Nd5 Ne8 33. Nc7 f6
34. Rd5 Bc6 35. Rd4 Kg7 36. Nxa6 Kf7 37. Nc7 Ng7 38. f3 Ne6 39. Nxe6 Kxe6 40.
Rd1 h5 41. Kf2 g5 42. Ke3 Ke5 43. Bb6 Rd7 44. Bc7 f5 45. Rc1 f4+ 46. Kf2 Ba4
47. Rc5+ Kf6 48. b5 1-0

[Event "Oberliga Ost A 2016 2017"]
[Site "Germany"]
[Date "2016.11.19"]
[Round "2.6"]
[White "Stolz, Mike"]
[Black "Muekke, Jens Frieder"]
[Result "0-1"]
[WhiteElo "2319"]
[BlackElo "1969"]
[PlyCount "58"]
[EventDate "2016.10.16"]
[EventType "team-tourn"]
[EventCountry "GER"]
[WhiteTeam "Magdeburg SV Rochade"]
[BlackTeam "Naumburger SV"]
[WhiteTeamCountry "GER"]
[BlackTeamCountry "GER"]

1. e4 e6 2. d4 d5 3. Nd2 Nf6 4. e5 Nfd7 5. c3 c5 6. f4 Nc6 7. Ndf3 cxd4 8. cxd4
Qb6 9. g3 Be7 10. Bh3 O-O 11. Kf1 f5 12. g4 Ndb8 13. Ne2 Bd7 14. Rg1 Na6 15.
Nc3 Be8 16. Kf2 Kh8 17. gxf5 Bh5 18. Be3 Qxb2+ 19. Ne2 exf5 20. Rb1 Qxa2 21.
Rxb7 Rab8 22. Qb1 Bh4+ 23. Nxh4 Qxe2+ 24. Kg3 Qxe3+ 25. Kg2 Qxf4 26. Kh1 Qxh4
27. Rgxg7 Bf3+ 28. Kg1 Rg8 29. Rxb8 Rxb8 0-1

[Event "Oberliga Ost A 2016 2017"]
[Site "Germany"]
[Date "2016.11.19"]
[Round "2.7"]
[White "Deutsch, Joey"]
[Black "Waechter, Nathalie"]
[Result "1-0"]
[WhiteElo "1911"]
[BlackElo "1974"]
[PlyCount "133"]
[EventDate "2016.10.16"]
[EventType "team-tourn"]
[EventCountry "GER"]
[WhiteTeam "Naumburger SV"]
[BlackTeam "Magdeburg SV Rochade"]
[WhiteTeamCountry "GER"]
[BlackTeamCountry "GER"]

1. d4 d5 2. c4 e6 3. Nf3 Nf6 4. g3 Be7 5. Bg2 O-O 6. Qc2 c5 7. cxd5 Nxd5 8. O-O
cxd4 9. Nxd4 Qb6 10. Bxd5 exd5 11. Be3 Bf6 12. Rd1 Nc6 13. Nxc6 Qxc6 14. Qxc6
bxc6 15. Bd4 Bxd4 16. Rxd4 Re8 17. Nc3 a5 18. e3 Ba6 19. b3 f6 20. Rc1 Kf7 21.
Na4 Bb5 22. Rc5 Re4 23. Nc3 Rxd4 24. exd4 Rb8 25. Nxb5 cxb5 26. Rxd5 Ke6 27.
Rc5 Kd6 28. f3 a4 29. b4 Rb7 30. Kf2 g6 31. Ke3 Re7+ 32. Kd2 Rb7 33. Kd3 Rb8
34. d5 Ke5 35. f4+ Kd6 36. Kd4 Rb6 37. g4 Kd7 38. g5 fxg5 39. fxg5 Rb8 40. a3
Rf8 41. Rxb5 Rf4+ 42. Kc5 Rf3 43. Rb7+ Kc8 44. Rxh7 Rxa3 45. Rh6 Ra2 46. h4
Rc2+ 47. Kb5 a3 48. Rxg6 Rd2 49. Ra6 a2 50. Kc6 Rc2+ 51. Kd6 Kb7 52. Ra3 Kb6
53. h5 Kb5 54. h6 Kxb4 55. Rxa2 Rxa2 56. h7 Rh2 57. g6 Rh6 58. Ke7 Kc5 59. Kf7
Kxd5 60. Kg7 Rh1 61. h8=Q Rc1 62. Qd8+ Ke6 63. Qf6+ Kd7 64. Qd4+ Kc8 65. Qg4+
Kb7 66. Qf3+ Kc8 67. Kf6 1-0

[Event "Oberliga Ost A 2016 2017"]
[Site "Germany"]
[Date "2016.11.19"]
[Round "2.8"]
[White "Kahe, Ralph"]
[Black "Will, Matthias"]
[Result "1/2-1/2"]
[WhiteElo "2147"]
[BlackElo "2024"]
[PlyCount "88"]
[EventDate "2016.10.16"]
[EventType "team-tourn"]
[EventCountry "GER"]
[WhiteTeam "Magdeburg SV Rochade"]
[BlackTeam "Naumburger SV"]
[WhiteTeamCountry "GER"]
[BlackTeamCountry "GER"]

1. d4 f5 2. Bg5 g6 3. Nc3 Bg7 4. e4 fxe4 5. Nxe4 d5 6. Ng3 Nh6 7. Nf3 Nf7 8.
Bf4 Bg4 9. Be2 Nc6 10. c3 O-O 11. O-O Qd7 12. h3 Be6 13. Ng5 Nxg5 14. Bxg5 h6
15. Bd2 Bf5 16. Nxf5 Qxf5 17. Bg4 Qf6 18. Qb3 Qd6 19. f4 h5 20. Bf3 e6 21. Rae1
Rf6 22. Re5 Na5 23. Qb5 Qb6 24. Qxb6 axb6 25. Bc1 Nc6 26. Ree1 Bh6 27. a3 Ne7
28. g3 Raf8 29. h4 Nf5 30. Kg2 Rd8 31. Be3 Bf8 32. Bg1 Bd6 33. c4 c6 34. cxd5
exd5 35. Bd1 Kf7 36. Bb3 Re6 37. Rxe6 Kxe6 38. Re1+ Kf7 39. Kf3 Re8 40. Rxe8
Kxe8 41. Bf2 Nh6 42. Bc2 Kf7 43. Be1 Be7 44. Bf2 Bf6 1/2-1/2

[Event "Oberliga Ost A 2016 2017"]
[Site "Germany"]
[Date "2016.11.20"]
[Round "3.1"]
[White "Kuchynka, Lukas"]
[Black "Cerveny, Martin"]
[Result "0-1"]
[WhiteElo "2260"]
[BlackElo "2384"]
[PlyCount "92"]
[EventDate "2016.10.16"]
[EventType "team-tourn"]
[EventCountry "GER"]
[WhiteTeam "Magdeburg SV Rochade"]
[BlackTeam "Aue ESV Nickelhuette II"]
[WhiteTeamCountry "GER"]
[BlackTeamCountry "GER"]

1. e4 c5 2. Nf3 d6 3. d4 cxd4 4. Nxd4 Nf6 5. Nc3 a6 6. Qe2 e5 7. Nf5 h6 8. g4
g6 9. Nxh6 Bxh6 10. g5 Bf8 11. gxf6 Be6 12. Be3 Nd7 13. Qd2 Rc8 14. Bg5 Nxf6
15. h4 Be7 16. Bh3 Rc4 17. Bxe6 fxe6 18. O-O-O Rd4 19. Qe2 b5 20. Bxf6 Bxf6 21.
Qg4 Rxd1+ 22. Nxd1 Kd7 23. Qxg6 Bxh4 24. Qg7+ Kc6 25. Rg1 Rf8 26. Rg2 Qe7 27.
Qxe7 Bxe7 28. Kd2 Rf4 29. Ke3 d5 30. exd5+ exd5 31. Rg6+ Bd6 32. c3 b4 33. cxb4
Rxb4 34. b3 Rh4 35. Nb2 Rh3+ 36. Ke2 e4 37. Rg1 Rh2 38. Rg5 Rh1 39. Nd1 d4 40.
Nb2 Bb4 41. Rg6+ Kd5 42. Rg5+ Ke6 43. Nd3 exd3+ 44. Kxd3 Rd1+ 45. Kc4 a5 46. f4
d3 0-1

[Event "Oberliga Ost A 2016 2017"]
[Site "Germany"]
[Date "2016.11.20"]
[Round "3.2"]
[White "Rosko, Lubos"]
[Black "Tuma, Jakub"]
[Result "1/2-1/2"]
[WhiteElo "2345"]
[BlackElo "2261"]
[PlyCount "80"]
[EventDate "2016.10.16"]
[EventType "team-tourn"]
[EventCountry "GER"]
[WhiteTeam "Aue ESV Nickelhuette II"]
[BlackTeam "Magdeburg SV Rochade"]
[WhiteTeamCountry "GER"]
[BlackTeamCountry "GER"]

1. e4 c5 2. Nf3 d6 3. d4 cxd4 4. Nxd4 Nf6 5. Nc3 a6 6. Be3 b5 7. a4 b4 8. Nd5
e6 9. Nxf6+ Qxf6 10. Qd2 e5 11. Nf3 Nc6 12. Bc4 Be6 13. Bd5 Rc8 14. O-O Qg6 15.
Rac1 Be7 16. c3 b3 17. Qd3 Bxd5 18. Qxd5 Qe6 19. Qd3 Na5 20. Qxa6 Nc4 21. Qb5+
Qd7 22. Qxb3 O-O 23. Qc2 Nxe3 24. fxe3 Qa7 25. Rfe1 Rc6 26. b3 Rfc8 27. Qd3 Qc7
28. c4 Qb7 29. Rb1 Bd8 30. Red1 Ba5 31. Ne1 Rb6 32. Qd5 Qxd5 33. Rxd5 Bxe1 34.
Rxe1 Rxb3 35. Rxd6 g6 36. Rc1 Rxe3 37. a5 Ra3 38. Rd5 f6 39. Rb5 Ra2 40. Rb6
Rxa5 1/2-1/2

[Event "Oberliga Ost A 2016 2017"]
[Site "Germany"]
[Date "2016.11.20"]
[Round "3.3"]
[White "Bednar, Marcel"]
[Black "Wichmann, Cliff"]
[Result "1/2-1/2"]
[WhiteElo "2282"]
[BlackElo "2314"]
[PlyCount "67"]
[EventDate "2016.10.16"]
[EventType "team-tourn"]
[EventCountry "GER"]
[WhiteTeam "Magdeburg SV Rochade"]
[BlackTeam "Aue ESV Nickelhuette II"]
[WhiteTeamCountry "GER"]
[BlackTeamCountry "GER"]

1. d4 d5 2. c4 c6 3. Nf3 Nf6 4. Nc3 e6 5. Bg5 dxc4 6. e4 b5 7. e5 h6 8. Bh4 g5
9. Nxg5 hxg5 10. Bxg5 Be7 11. exf6 Bxf6 12. Bxf6 Qxf6 13. g3 Na6 14. Bg2 Bb7
15. Nxb5 O-O-O 16. Qa4 cxb5 17. Bxb7+ Kxb7 18. Qxb5+ Ka8 19. Qc6+ Kb8 20. Qb5+
Ka8 21. Qc6+ Kb8 22. Qb5+ Ka8 23. Qc6+ Kb8 24. Qb5+ Ka8 25. Qc6+ Kb8 26. Qb5+
Ka8 27. Qc6+ Kb8 28. Qb5+ Ka8 29. Qc6+ Kb8 30. Qb5+ Ka8 31. Qc6+ Kb8 32. Qb5+
Ka8 33. Qc6+ Kb8 34. Qb5+ 1/2-1/2

[Event "Oberliga Ost A 2016 2017"]
[Site "Germany"]
[Date "2016.11.20"]
[Round "3.4"]
[White "Haessler, Wolfgang"]
[Black "Jaeger, Dominik"]
[Result "0-1"]
[WhiteElo "2211"]
[BlackElo "2280"]
[PlyCount "92"]
[EventDate "2016.10.16"]
[EventType "team-tourn"]
[EventCountry "GER"]
[WhiteTeam "Aue ESV Nickelhuette II"]
[BlackTeam "Magdeburg SV Rochade"]
[WhiteTeamCountry "GER"]
[BlackTeamCountry "GER"]

1. f4 d5 2. Nf3 Nf6 3. e3 g6 4. b4 Bg7 5. Bb2 O-O 6. Be2 Qd6 7. b5 Ne4 8. Bxg7
Kxg7 9. Qc1 Qf6 10. Na3 c5 11. O-O Nd7 12. c4 e6 13. Qc2 b6 14. cxd5 exd5 15.
Nc4 Bb7 16. Nce5 Nxe5 17. Nxe5 Rad8 18. Bf3 Qe6 19. Bg4 Qe8 20. Be2 f6 21. Nf3
Nd6 22. a4 d4 23. Rae1 dxe3 24. Bd3 c4 25. Bxc4 Nxc4 26. Qxc4 Bxf3 27. gxf3
Rxd2 28. Qc3 Qc8 29. Qxe3 Qc2 30. Rf2 Rxf2 31. Qxf2 Qxa4 32. Re7+ Rf7 33. Qe2
Qxf4 34. Qe6 Rxe7 35. Qxe7+ Kh6 36. Qxa7 Qg5+ 37. Kf2 Qxb5 38. Qb8 Qc5+ 39. Kg2
b5 40. Qb7 b4 41. Qb8 Qc2+ 42. Kg3 Qc4 43. Qb6 Qc3 44. Qb7 b3 45. Qd7 Qe5+ 46.
Kg2 b2 0-1

[Event "Oberliga Ost A 2016 2017"]
[Site "Germany"]
[Date "2016.11.20"]
[Round "3.5"]
[White "Niering, Martin"]
[Black "Schnabel, Ralf"]
[Result "1/2-1/2"]
[WhiteElo "2226"]
[BlackElo "2235"]
[PlyCount "70"]
[EventDate "2016.10.16"]
[EventType "team-tourn"]
[EventCountry "GER"]
[WhiteTeam "Magdeburg SV Rochade"]
[BlackTeam "Aue ESV Nickelhuette II"]
[WhiteTeamCountry "GER"]
[BlackTeamCountry "GER"]

1. d4 Nf6 2. Bg5 e6 3. Nc3 d5 4. e4 dxe4 5. Nxe4 Be7 6. Bxf6 Bxf6 7. Nxf6+ Qxf6
8. Nf3 c5 9. Bb5+ Bd7 10. Bxd7+ Nxd7 11. O-O O-O 12. c3 cxd4 13. Qxd4 Qxd4 14.
Nxd4 Rfd8 15. Rfd1 a6 16. b3 Nc5 17. f3 Rd7 18. Kf1 Rad8 19. Ke2 g6 20. Nc2 Nd3
21. g3 Kf8 22. Ne3 Ke7 23. c4 h5 24. a3 Nc5 25. Rxd7+ Rxd7 26. b4 Na4 27. Rc1
b6 28. Rc2 Kd8 29. f4 Kc7 30. Nf1 e5 31. fxe5 Re7 32. Ne3 Rxe5 33. Kf3 Kc6 34.
Kf4 Re8 35. Kf3 Rd8 1/2-1/2

[Event "Oberliga Ost A 2016 2017"]
[Site "Germany"]
[Date "2016.11.20"]
[Round "3.6"]
[White "Heinz, Juergen"]
[Black "Stolz, Mike"]
[Result "1-0"]
[WhiteElo "2220"]
[BlackElo "2319"]
[PlyCount "175"]
[EventDate "2016.10.16"]
[EventType "team-tourn"]
[EventCountry "GER"]
[WhiteTeam "Aue ESV Nickelhuette II"]
[BlackTeam "Magdeburg SV Rochade"]
[WhiteTeamCountry "GER"]
[BlackTeamCountry "GER"]

1. d4 Nf6 2. Bg5 e6 3. e4 h6 4. Bxf6 Qxf6 5. Nf3 g6 6. Nc3 Bg7 7. Bd3 d6 8. e5
Qe7 9. Qd2 a6 10. O-O Nc6 11. exd6 Qxd6 12. Ne4 Qe7 13. c3 O-O 14. Rad1 b6 15.
Rfe1 Bb7 16. Qe2 Rfd8 17. Ned2 Nb8 18. Nc4 Nd7 19. Be4 Bxe4 20. Qxe4 Nf6 21.
Qe2 Qe8 22. Nfe5 Nd5 23. Ne3 Nf4 24. Qf1 c5 25. g3 cxd4 26. cxd4 Nd5 27. Nf3
Qa4 28. Qc4 Qxc4 29. Nxc4 Rac8 30. Rc1 b5 31. Nce5 Nb4 32. Rc5 Bf8 33. Rxc8
Rxc8 34. a3 Nd5 35. Re2 Rc7 36. Kg2 g5 37. h3 Bd6 38. Rd2 Kg7 39. Ne1 Nb6 40.
N1d3 Nc4 41. Re2 f6 42. Nxc4 bxc4 43. Ne1 Kf7 44. Rc2 e5 45. d5 e4 46. Kf1 f5
47. g4 f4 48. Re2 Be5 49. Rxe4 Bxb2 50. Nc2 Bf6 51. d6 Rc5 52. d7 c3 53. Rd4
Bd8 54. Ke2 Ke7 55. Kd3 Ba5 56. Nb4 Kd8 57. Kc2 Bxb4 58. axb4 Rc6 59. f3 Rc7
60. Rd6 Rc4 61. Rxa6 Rxb4 62. Kxc3 Rb1 63. Kd4 Re1 64. Rxh6 Re3 65. Rh7 Rxf3
66. Ke5 Ra3 67. Kf5 Ra5+ 68. Kg6 Rd5 69. Rf7 Ra5 70. Kh5 Rd5 71. h4 gxh4+ 72.
Kxh4 Rxd7 73. Rf8+ Ke7 74. Rxf4 Rd5 75. g5 Rd6 76. Kh5 Ra6 77. g6 Ra1 78. Kh6
Rh1+ 79. Kg7 Ke6 80. Kg8 Ke7 81. g7 Re1 82. Rg4 Rh1 83. Re4+ Kd7 84. Kf7 Rf1+
85. Kg6 Rg1+ 86. Kf6 Kd6 87. Rd4+ Kc5 88. Rd8 1-0

[Event "Oberliga Ost A 2016 2017"]
[Site "Germany"]
[Date "2016.11.20"]
[Round "3.7"]
[White "Waechter, Nathalie"]
[Black "Poessel, Christian"]
[Result "1-0"]
[WhiteElo "1974"]
[BlackElo "2004"]
[PlyCount "55"]
[EventDate "2016.10.16"]
[EventType "team-tourn"]
[EventCountry "GER"]
[WhiteTeam "Magdeburg SV Rochade"]
[BlackTeam "Aue ESV Nickelhuette II"]
[WhiteTeamCountry "GER"]
[BlackTeamCountry "GER"]

1. d4 Nf6 2. c4 e6 3. Nc3 Bb4 4. Qc2 c5 5. dxc5 Bxc5 6. Nf3 a6 7. e3 Nc6 8. a3
O-O 9. Be2 d5 10. cxd5 exd5 11. O-O Be6 12. Rd1 Qe7 13. Nd4 Rac8 14. Nxc6 Rxc6
15. Bf3 Ba7 16. Qe2 Rd8 17. Bd2 Bf5 18. Rac1 Bb8 19. g3 Re6 20. Na4 Ne4 21. Ba5
b6 22. Nxb6 Re5 23. Nc4 Re8 24. Nxe5 Qxe5 25. Bb6 Ng5 26. Rxd5 Nxf3+ 27. Qxf3
Qxb2 28. Rcd1 1-0

[Event "Oberliga Ost A 2016 2017"]
[Site "Germany"]
[Date "2016.11.20"]
[Round "3.8"]
[White "Vlckova, Katerina"]
[Black "Kahe, Ralph"]
[Result "1/2-1/2"]
[WhiteElo "1924"]
[BlackElo "2147"]
[PlyCount "83"]
[EventDate "2016.10.16"]
[EventType "team-tourn"]
[EventCountry "GER"]
[WhiteTeam "Aue ESV Nickelhuette II"]
[BlackTeam "Magdeburg SV Rochade"]
[WhiteTeamCountry "GER"]
[BlackTeamCountry "GER"]

1. d4 g6 2. c4 Bg7 3. Nf3 d6 4. g3 c5 5. Bg2 Nc6 6. d5 Nb4 7. a3 Na6 8. Nc3 Nf6
9. O-O O-O 10. Re1 Nc7 11. h3 Rb8 12. e4 Nd7 13. Bf1 a6 14. a4 b6 15. Bf4 Ne5
16. Nxe5 dxe5 17. Be3 Qd6 18. Qd2 Bd7 19. Reb1 Rfc8 20. Qc1 e6 21. a5 exd5 22.
axb6 Rxb6 23. cxd5 Bf8 24. Ra5 Nb5 25. Na4 Rbb8 26. b3 Ra8 27. Nb2 Nd4 28. Nc4
Qb8 29. Qa3 Bb5 30. Qb2 Qc7 31. Rba1 Rab8 32. Qc3 Bxc4 33. Bxc4 Rxb3 34. Qc1
Rb6 35. Rxa6 Rxa6 36. Rxa6 Qb7 37. Kg2 Ra8 38. Rxa8 Qxa8 39. Qb2 Bd6 40. Qb6
Qb8 41. Qxb8+ Bxb8 42. Bxd4 1/2-1/2

[Event "Oberliga Ost A 2016 2017"]
[Site "Germany"]
[Date "2016.11.20"]
[Round "3.1"]
[White "Mueller, Richard"]
[Black "Madl, Ildiko"]
[Result "0-1"]
[WhiteElo "2170"]
[BlackElo "2321"]
[PlyCount "94"]
[EventDate "2016.10.16"]
[EventType "team-tourn"]
[EventCountry "GER"]
[WhiteTeam "Coswig TuS"]
[BlackTeam "Halle USV"]
[WhiteTeamCountry "GER"]
[BlackTeamCountry "GER"]

1. d4 d5 2. c4 e6 3. Nf3 c6 4. e3 Nf6 5. b3 Ne4 6. Bd3 Nd7 7. O-O Bd6 8. Qc2 f5
9. Ba3 Bxa3 10. Nxa3 O-O 11. Rac1 a5 12. Nb1 Qf6 13. Nbd2 Kh8 14. Ne1 b6 15.
Bxe4 dxe4 16. f3 exf3 17. Ndxf3 c5 18. Nd3 Bb7 19. Qf2 Be4 20. Rfd1 g5 21. Qb2
Rad8 22. Rd2 Bxf3 23. gxf3 f4 24. exf4 cxd4 25. Re1 gxf4 26. Kh1 e5 27. Rde2
Rde8 28. Nf2 Qc6 29. Ne4 Nc5 30. Qb1 Rg8 31. Rf1 d3 32. Ree1 Rd8 33. Qb2 Rd4
34. Nd2 Qf6 35. a3 Ne6 36. Ne4 Qd8 37. Qd2 Ng5 38. Nxg5 Qxg5 39. Re4 Rxe4 40.
fxe4 Qg6 41. Re1 f3 42. b4 axb4 43. axb4 Qg2+ 44. Qxg2 Rxg2 45. Re3 Re2 46.
Rxf3 d2 47. Rd3 Re1+ 0-1

[Event "Oberliga Ost A 2016 2017"]
[Site "Germany"]
[Date "2016.11.20"]
[Round "3.2"]
[White "Hoepfl, Thomas"]
[Black "Pietsch, Michael"]
[Result "1/2-1/2"]
[WhiteElo "2288"]
[BlackElo "2146"]
[PlyCount "65"]
[EventDate "2016.10.16"]
[EventType "team-tourn"]
[EventCountry "GER"]
[WhiteTeam "Halle USV"]
[BlackTeam "Coswig TuS"]
[WhiteTeamCountry "GER"]
[BlackTeamCountry "GER"]

1. e4 c6 2. d3 d5 3. Nd2 e5 4. Ngf3 Bd6 5. d4 exd4 6. Nxd4 Nf6 7. exd5 Nxd5 8.
Nc4 Be7 9. c3 O-O 10. Bd3 Nd7 11. O-O Bf6 12. Bc2 N7b6 13. Ne3 Nxe3 14. Bxe3
Nd5 15. Qd3 g6 16. Bh6 Bg7 17. Bxg7 Kxg7 18. Rad1 Qg5 19. Nf3 Qf6 20. Qd4 Be6
21. Bb3 Nf4 22. Qxf6+ Kxf6 23. Nd4 Rfd8 24. Nxe6 Nxe6 25. f3 Rxd1 26. Rxd1 Rd8
27. Rxd8 Nxd8 28. Kf2 Ke5 29. Ke3 g5 30. g3 Ne6 31. h3 h6 32. Bxe6 fxe6 33. Kd3
1/2-1/2

[Event "Oberliga Ost A 2016 2017"]
[Site "Germany"]
[Date "2016.11.20"]
[Round "3.3"]
[White "Schweitzer, Andreas"]
[Black "Puls, Thomas"]
[Result "1/2-1/2"]
[WhiteElo "2210"]
[BlackElo "2208"]
[PlyCount "39"]
[EventDate "2016.10.16"]
[EventType "team-tourn"]
[EventCountry "GER"]
[WhiteTeam "Coswig TuS"]
[BlackTeam "Halle USV"]
[WhiteTeamCountry "GER"]
[BlackTeamCountry "GER"]

1. e4 c5 2. Nf3 Nc6 3. d4 cxd4 4. Nxd4 Nf6 5. Nc3 e5 6. Ndb5 d6 7. Bg5 a6 8.
Na3 b5 9. Nd5 Be7 10. Bxf6 Bxf6 11. c4 b4 12. Nc2 O-O 13. g3 Bg5 14. h4 Bh6 15.
Bh3 Qa5 16. b3 Qc5 17. Bxc8 Raxc8 18. O-O a5 19. Qd3 Kh8 20. Rad1 1/2-1/2

[Event "Oberliga Ost A 2016 2017"]
[Site "Germany"]
[Date "2016.11.20"]
[Round "3.4"]
[White "Hartge, Gedeon"]
[Black "Escher, Thomas"]
[Result "0-1"]
[WhiteElo "2089"]
[BlackElo "2181"]
[PlyCount "40"]
[EventDate "2016.10.16"]
[EventType "team-tourn"]
[EventCountry "GER"]
[WhiteTeam "Halle USV"]
[BlackTeam "Coswig TuS"]
[WhiteTeamCountry "GER"]
[BlackTeamCountry "GER"]

1. d4 d5 2. c4 Nc6 3. Nf3 Bg4 4. cxd5 Bxf3 5. gxf3 Qxd5 6. e3 e5 7. Nc3 Bb4 8.
Bd2 Bxc3 9. bxc3 exd4 10. cxd4 O-O-O 11. Be2 f5 12. Qb3 Qd6 13. Rb1 b6 14. O-O
Nge7 15. Kh1 Rhf8 16. f4 g5 17. fxg5 h6 18. g6 Nxg6 19. Rbc1 Nh4 20. Bb5 Nf3
0-1